000 00539nam a2200193Ia 4500
003 GCL
008 140319s9999 xx 000 0 ara d
040 _aGCL /
_cGCL
082 0 4 _a709.04
_bم ح
100 1 _aمحمد دسوقى
245 1 0 _aحوار الطبيعة فى الفن التشكيلى /
_cمحمد دسوقى
260 _a[S.N] :
_bالمؤلف ،
_c1990
300 _a213 ص
490 _a
650 0 4 _aالفن
650 0 4 _aالفنون التشكيلية
650 0 4 _aالتذوق الفنى
942 _2ddc
_cBK
999 _c35669
_d35669